Exploraciones interpersonales en psicoanálisis /

Compilación de los siguientes ensayos psicoanalíticos en torno a las relaciones interpersonales en los ámbitos psicoterapéuticos, sociales, educativos, en las relaciones sexuales, en los ámbitos de salud, en el uso alucinógenas, etc.

محفوظ في:
التفاصيل البيبلوغرافية
المؤلف الرئيسي: Witenberg, Earl (comp.)
التنسيق: كتاب
اللغة:الإسبانية
منشور في: Buenos Aires, Argentina : Amorrortu, 1976
الموضوعات:
الوسوم: إضافة وسم
لا توجد وسوم, كن أول من يضع وسما على هذه التسجيلة!

MARC

LEADER 00000nam^a2200000^a^4500
001 000001409
005 20250521000000.0
009 20260310083104.632
037 |a Acervo ITESO - Biblioteca 
041 |a ESP 
082 |a 150. 1952  |b WIT 
100 |a Witenberg, Earl  |e (comp.) 
245 1 0 |a Exploraciones interpersonales en psicoanálisis /  |c Comp. de E. Witenberg. 
264 1 |a Buenos Aires, Argentina :  |b Amorrortu,  |c 1976 
300 |a 232 p. 
336 |a texto  |b txt  |2 rdacontenido 
337 |a sin mediación  |b n  |2 rdamedio 
338 |a volumen  |b nc  |2 rdasoporte 
500 |a Traducción de: Interpersonal Explorations Psychoanalysis New Directions in Theory and Practice 
520 |a Compilación de los siguientes ensayos psicoanalíticos en torno a las relaciones interpersonales en los ámbitos psicoterapéuticos, sociales, educativos, en las relaciones sexuales, en los ámbitos de salud, en el uso alucinógenas, etc. 
649 |a XX 
650 |a Psicología Clínica 
650 |a Psicoanálisis 
650 |a Comunicación Personal 
910 |a Fondo General 
920 |a Impresos - Libros 
930 |a Colección General 
905 |a 101 
901 |a 0014090100  |b IT1  |c ACC  |i 001409  |u 20250521 
902 |a https://opac.biblio.iteso.mx/vufind/Record/000001409